000 00745cam a2200229 a 4500
001 sa 68010042
003 DLC
005 20260227112549.0
008 810130s1968 ii 100 0 eng
010 _asa 68010042
040 _aDLC
_cDLC
041 0 _aeng
_atam
043 _aa-ii---
050 0 0 _aDS484.4
_b.I58 1968a
111 2 _aInternational Conference-Seminar of Tamil Studies
_n(2nd :
_d1968 :
_cMadras, India)
245 1 0 _aAbstracts of papers /
_cII Internationsl Conference-Seminar of Tamil Studies.
260 _aMadras :
_b[Hoe & Co.?,
_c1968]
300 _a1 v. (unpaged) ;
_c22 cm.
546 _aIn English and Tamil.
500 _a"January 3 to 10, 1968, Madras, India."
651 0 _aIndia, South
_xCivilization
_vCongresses.
999 _c83290
_d83290